书目信息 |
| 题名: |
中国近代教育大事记
|
|
| 作者: | 陈学恂 编 | |
| 分册: | ||
| 出版信息: | 上海 上海教育出版社 1981 |
|
| 页数: | 330页 | |
| 开本: | 21cm | |
| 丛书名: | ||
| 单 册: | ||
| 中图分类: | G529.5 , G409 | |
| 科图分类: | ||
| 主题词: | 教育史--大事记--中国--近代 , 教育学 | |
| 电子资源: | ||
| ISBN: | ||
| 000 | 00647nam0 2200241 450 | |
| 001 | 1571906682 | |
| 005 | 20150130141436.51 | |
| 010 | @dCNY1.25 | |
| 091 | @a7150.2463 | |
| 100 | @a19950610d1981 emky0chiy0110 ea | |
| 101 | 0 | @achi |
| 102 | @aCN@b310000 | |
| 105 | @ay zi 000yd | |
| 200 | 1 | @a中国近代教育大事记@9zhong guo jin dai jiao yu da shi ji@f陈学恂主编 |
| 210 | @a上海@c上海教育出版社@d1981 | |
| 215 | @a330页@d21cm | |
| 606 | 0 | @a教育史@x大事记@y中国@z近代 |
| 606 | 0 | @a教育学 |
| 690 | @aG529.5@v5 | |
| 690 | @aG409@v4 | |
| 701 | 0 | @a陈学恂@9chen xue xun@f(1913~)@4编 |
| 801 | 0 | @aCN@bTSSF@c20150130 |
| 905 | @aZUCC@dG409@eJY4 | |
| 中国近代教育大事记/陈学恂主编.-上海:上海教育出版社,1981 |
| 330页;21cm |
| ISBN :CNY1.25 |
| ● |
| 相关链接 |
|
|
|
|
正题名:中国近代教育大事记
索取号:G409/JY4
 
预约/预借
| 序号 | 登录号 | 条形码 | 馆藏地/架位号 | 状态 | 备注 |
| 1 | 7838036 | 278380360 | 学院路分馆/ [索取号:G409/JY4] | 在馆 | |
| 2 | 7838037 | 278380379 | 学院路分馆/ [索取号:G409/JY4] | 在馆 |